000 01140nam a2200289Ia 4500
001 ebr10603341
003 CaPaEBR
006 m u
007 cr cn|||||||||
008 120813s2012 enk sb 001 0 eng d
020 _z9780745331805
020 _z9781849647731 (ebook)
040 _aCaPaEBR
_cCaPaEBR
035 _a(OCoLC)813285756
050 1 4 _aPN4784.W37
_bR37 2012eb
100 1 _aRappert, Brian.
245 1 0 _aHow to look good in a war
_h[electronic resource] :
_bjustifying and challenging state violence /
_cBrian Rappert.
260 _aLondon :
_bPluto Press,
_c2012.
300 _aviii, 167 p.
504 _aIncludes bibliographical references and index.
533 _aElectronic reproduction.
_bPalo Alto, Calif. :
_cebrary,
_d2011.
_nAvailable via World Wide Web.
_nAccess may be limited to ebrary affiliated libraries.
650 0 _aWar
_xPress coverage.
650 0 _aWar
_xMoral and ethical aspects.
655 7 _aElectronic books.
_2local
710 2 _aebrary, Inc.
856 4 0 _uhttp://site.ebrary.com/lib/rucke/Doc?id=10603341
_zAn electronic book accessible through the World Wide Web; click to view
999 _c195712
_d195712